000 01167nam a22002177a 4500
999 _c62644
_d62644
003 Ge_BSU
005 20241227110911.0
008 241227s1958 ge ||||| |||| 00| 0 geo d
041 _ageo
080 _a618.1/.2(038) ს-22
100 _aუსტიაშვილი, ა.
_924033
245 _aსამეანო-გინეკოლოგიური ტერმინოლოგია. 1, რუსულ-ქართულ-ლათინური /
_cშედგ.: ა. უსტიაშვილისა და ბ. კოპალეიშვილის მიერ ; რედ. ლ.ვ. ელიაშვილი.
264 _a თბ. :
_bსაბჭ. საქართველო,
_c1958.
300 _a159 გვ.;
_b22 სმ.
500 _a ყდ. გაშლილი თავფურც. რუს. ენაზე.
653 _aმედიცინა
653 _aგინეკოლოგია
700 _aკოპალეიშვილი, ბ.,
_eშემდგენელი
_924034
700 _aელიაშვილი, ლ.ვ.
_eრედაქტორი
_922617
942 _2udc
_cᲬᲘᲒᲜᲘ